<?xml version="1.0" encoding="UTF-8"?>
<record
    xmlns:xsi="http://www.w3.org/2001/XMLSchema-instance"
    xsi:schemaLocation="http://www.loc.gov/MARC21/slim http://www.loc.gov/standards/marcxml/schema/MARC21slim.xsd"
    xmlns="http://www.loc.gov/MARC21/slim">

  <leader>01168nab a2200253 i 4500</leader>
  <controlfield tag="001">768714001</controlfield>
  <controlfield tag="003">CO-MdFUSB</controlfield>
  <controlfield tag="005">20240801080204.0</controlfield>
  <controlfield tag="008">240801t1990    -us||||| |||| 00| 0 eng d</controlfield>
  <datafield tag="040" ind1=" " ind2=" ">
    <subfield code="b">spa</subfield>
    <subfield code="c">CO-MdFUSB</subfield>
    <subfield code="d">CO-MdFUSB</subfield>
  </datafield>
  <datafield tag="041" ind1=" " ind2=" ">
    <subfield code="a">eng</subfield>
  </datafield>
  <datafield tag="100" ind1=" " ind2=" ">
    <subfield code="a">Castro, Emilio</subfield>
    <subfield code="e">autor</subfield>
  </datafield>
  <datafield tag="245" ind1="1" ind2=" ">
    <subfield code="a">Mission in the 1990s : </subfield>
    <subfield code="b">three views </subfield>
    <subfield code="c">/ Emilio Castro, David J. Bosch y Grant McClung</subfield>
  </datafield>
  <datafield tag="520" ind1=" " ind2=" ">
    <subfield code="a">La Comisi&#xF3;n de Misi&#xF3;n Mundial y Evangelismo del Consejo Mundial de Iglesias celebr&#xF3; una conferencia en San Antonio, Texas, para abordar la misi&#xF3;n en la d&#xE9;cada de 1990 bajo el t&#xED;tulo "H&#xE1;gase tu voluntad: Misi&#xF3;n a la manera de Cristo", seg&#xFA;n lo comentado por los autores.
</subfield>
  </datafield>
  <datafield tag="546" ind1=" " ind2=" ">
    <subfield code="a">Texto en ingl&#xE9;s</subfield>
  </datafield>
  <datafield tag="650" ind1=" " ind2="0">
    <subfield code="a">Misiones</subfield>
    <subfield code="9">154</subfield>
  </datafield>
  <datafield tag="650" ind1=" " ind2="7">
    <subfield code="a">Iglesia</subfield>
    <subfield code="9">655</subfield>
  </datafield>
  <datafield tag="650" ind1=" " ind2="0">
    <subfield code="a">Evangelizaci&#xF3;n</subfield>
    <subfield code="9">362</subfield>
  </datafield>
  <datafield tag="700" ind1=" " ind2=" ">
    <subfield code="a">Bosch, David J., </subfield>
    <subfield code="d">1929-1992 &#x200E; </subfield>
    <subfield code="e">autor</subfield>
  </datafield>
  <datafield tag="700" ind1=" " ind2=" ">
    <subfield code="a">McClung, Grant, </subfield>
    <subfield code="e">autor</subfield>
  </datafield>
  <datafield tag="773" ind1="0" ind2=" ">
    <subfield code="0">49483</subfield>
    <subfield code="9">82857</subfield>
    <subfield code="o">R2721</subfield>
    <subfield code="t">International Bulletinof Missionary Research</subfield>
    <subfield code="w">(CO-MdFUSB)768714001</subfield>
    <subfield code="x">0272-6122</subfield>
    <subfield code="g">Volumen 14, (n&#xFA;mero 4, 1990), p&#xE1;ginas: 146 - 157</subfield>
    <subfield code="q">p&#xE1;gina: 146</subfield>
  </datafield>
  <datafield tag="942" ind1=" " ind2=" ">
    <subfield code="c">ANA</subfield>
  </datafield>
  <datafield tag="945" ind1=" " ind2=" ">
    <subfield code="a">Catherine Arias &#xC1;lvarez - Practicante SENA</subfield>
  </datafield>
  <datafield tag="999" ind1=" " ind2=" ">
    <subfield code="c">70669</subfield>
    <subfield code="d">70669</subfield>
  </datafield>
</record>
